000 00382nam a2200133Ia 4500
008 100328s9999 xx 000 0 und d
082 _b21047
100 _aनाशिककर शांताबाई
245 _aकीर्ति
260 _bमोहनजी शेठ हिरजी
630 _aकीर्ति
730 _aकीर्ति
942 _cBOOK
999 _c515096
_d515093